000 00504nam a2200193Ia 4500
005 20260429111941.0
008 260429s9999||||xx |||||||||||||| ||und||
020 _a9788184113280
041 _aEnglish
082 _a294.309
_bRAN
100 _aRana, Ganesh
245 0 _aBuddhism :
_bart, culture and history /
_cGanesh Rana
260 _aNew Delhi :
_bSonali Publications,
_c2024.
300 _avii, 280 p.; hb
650 _a Buddhism
650 _a History
650 _aReligion
942 _cTB
999 _c51578
_d51578